| 000 | 00515nam a2200181 a 4500 | ||
|---|---|---|---|
| 005 | 20231017063809.0 | ||
| 008 | 991125s1944 mx 000 0 spa u | ||
| 035 | _aUPN01000038515 | ||
| 049 | _aLT | ||
| 050 | 4 |
_aLB1631 M6.3 _bH3.4 1944 |
|
| 100 | 1 |
_aHamilton, J. _928890 |
|
| 245 | 1 | 0 |
_aMétodo de inglés : _btercer libro / _cJ. Hamilton |
| 260 |
_aMéxico : _bProgreso, _c1944 |
||
| 300 |
_a351 p. : _bil. |
||
| 650 | 4 |
_aInglés _xEstudio y enseñanza (Secundaria) _95708 |
|
| 904 |
_aAC _b038517 |
||
| 905 | _aLibro | ||
| 999 |
_c38515 _d38515 |
||